Biblioteca

Roles sexuales y doble jornada femenina (Registro nro. 51981)

Detalles MARC
000 -LÍDER
Campo fijo de descripción fija 01323aab a2200205 i 4500
001 - NÚMERO DE CONTROL
Campo de control 768714001
003 - IDENTIFICADOR DEL NÚMERO DE CONTROL
Campo de control CO-MdFUSB
005 - FECHA Y HORA DE LA ULTIMA TRANSACCIÓN
control field 20240326102626.0
008 - ELEMENTOS DE LONGITUD FIJA -- INFORMACIÓN GENERAL
Campo fijo de descripción fija -- Información general 240318t1992 ag ||||| |||| 00| 0 spa d
040 ## - FUENTE DE CATALOGACIÓN
Idioma de catalogación spa
Agencia que realiza la transcripción CO-MdFUSB
041 ## - CÓDIGO DE IDIOMA
Código de idioma para texto/pista de sonido o título separado spa
100 1# - ASIENTO PRINCIPAL--NOMBRE PERSONAL
Nombre personal Camargo López, Jesús
Término relacionador autor
245 10 - TÍTULO
Título Roles sexuales y doble jornada femenina
Mención de responsabilidad / Jesús Camargo López , Carmen Pérez de Camargo
300 ## - DESCRIPCIÓN FÍSICA
Extensión Volumen 11, número 4 (octubre - diciembre, 1992), páginas, 26 - 28
Dimensiones ; 27 cm
520 ## - NOTA DE RESUMEN, ETC.
Nota de sumario, etc. Los cambios sociales ocurridos durante las últimas décadas han modificado los roles sexuales afectando las relaciones de la pareja y de la familia moderna. Uno de estos cambios ha sido la esfera de trabajo de la mujer. Según un dicho antiguo: "el mundo es del hombre, el lugar de la mujer está en el hogar". Sin embargo, la irrupción de la industria, la modernidad y el feminismo en las sociedades latinoamericanas ha incorporado a la mujer a la fuerza de trabajo asalariada.<br/>Para las familias pobres, el trabao de la mujer por fuera de la casa no es opcional sino una necesidad imperiosa.
653 ## - TÉRMINO DE INDIZACIÓN - NO CONTROLADO
Término no controlado Roles sexuales
700 1# - ENTR. SECUNDARIA - Nombre Personal (R)
Nombre de persona Pérez de Camargo, Carmen
Término indicativo de función autor
773 0# - ASIENTO DE ITEM FUENTE
Título Iglesia y Misión
Biblionumber 49402
Itemnumber 59656
Parte(s) relacionada(s) / Volumen., número. (mes año), páginas Volumen 11, número 4 (octubre - diciembre, 1992), página: 26 - 28
Enumeración y primera página páginas: 26
942 ## - TIPO DE MATERIAL (KOHA)
Tipo de Item KOHA Artículos de Revista

No hay ítems disponibles.

Biblioteca FUSBC | Teléfono: (57+4) 349 88 10 Ext. 141| WhatsApp (+57) 3005338115 
E-mail: biblioteca@unisbc.edu.co | Calle 76 87-14 Robledo Palenque, Medellín, Colombia

Con tecnología Koha